World of Tanks Ultimate Quiz Part 2 (Updated for 20.02.2025) - Statistics

General Stats
  • This quiz has been taken 5 times
  • The average score is 39 of 422
Answer Stats
Hint Answer % Correct
X Tier French Tank AMX 13 105
100%
B-C 25 t
100%
EBR 105
100%
AMX 30
75%
AMX 30 B
75%
AMX 50 B
75%
Centurion 5/1
75%
Centurion 7/1
75%
60TP
50%
AMX 12 t
50%
IX Tier French Tank AMX 13 90
50%
AMX AC 48
50%
AMX M4 54
50%
B-C 25 t AP
50%
Blyskawica
50%
BZ-75
50%
Canopener
50%
Centurion AX
50%
Chieftain/T95
50%
Conqueror
50%
ConquerorGC
50%
X Tier Polish Tank CS-63
50%
EBR 90
50%
Foch
50%
Foch 155
50%
Foch B
50%
I Tier French Tank FT
50%
FV4005
50%
Ho-Ri 3
50%
Hurricane
50%
Kranvagn
50%
Lynx 6x6
50%
X Tier UK Tank Manticore
50%
Minotauro
50%
X Tier Italian Tank Progetto 65
50%
Rinoceronte
50%
S. Conqueror
50%
X Tier Japanese Tank STB-1
50%
Strv 103B
50%
T95/FV4201
50%
X Tier Czech Tank Tesak
50%
Type 5 H
50%
Type 71
50%
X Tier Swedish Tank UDES 15/16
50%
Vz. 55
50%
WZ-111
50%
113
25%
113 BO
25%
114 SP2
25%
116-F3
25%
121
25%
121B
25%
AMX 13 57
25%
AMX 13 75
25%
AMX 13 F3
25%
IV Tier French Tank AMX 40
25%
AMX 50 100
25%
AMX 50 120
25%
AMX AC 46
25%
V Tier French Tank AMX ELC bis
25%
AMX M4 45
25%
AMX M4 49
25%
AMX M4 49 L
25%
AMX M4 51
25%
ARL V39
25%
Badger
25%
VIII Tier French Tank B-C 12 t
25%
B-C 155 55
25%
BDR G1 B
25%
Bourrasque
25%
BZ-72-1
25%
Carro 45 t
25%
Char Futur 4
25%
Concept 5
25%
DBV-152
25%
Divine Valor
25%
VII Tier French Tank EBR Hotch.
25%
FV215b
25%
FV215b 183
25%
GSOR 1006/7
25%
Lion
25%
Monkey King
25%
Progetto 46
25%
Progetto 54
25%
Progetto 66
25%
R35
25%
SAu 40
25%
SFAC 105
25%
TVP T 50/51
25%
IX Tier Japanese Tank Type 61
25%
Vickers 3
25%
WZ-111 5A
25%
WZ-111 QL
25%
WZ-113G FT
25%
VII Tier Chinese Tank WZ-131
25%
VIII Tier Chinese Tank WZ-132
25%
X Tier Chinese Tank WZ-132-1
25%
III Tier Polish Tank 10TP
0%
110
0%
112
0%
122 TM
0%
IV Tier Polish Tank 14TP
0%
V Tier Polish Tank 25TP
0%
VI Tier Polish Tank 40TP
0%
45TP
0%
I Tier Polish Tank 4TP
0%
50TP
0%
50TP R.
0%
53TP
0%
56TP
0%
VI Tier Chinese Tank 59-16
0%
59-Patton
0%
60G FT
0%
II Tier Polish Tank 7TP
0%
A25 H.H. I
0%
A43 BP
0%
A46
0%
A7E3
0%
AC 4 Exp.
0%
Achilles
0%
AEC
0%
Alecto
0%
Alpine Tiger
0%
VI Tier French Tank AMD 178B
0%
AM Gendron
0%
AMR 35
0%
AMR P.103
0%
AMX 105 AM
0%
AMX 13 AM
0%
AMX 13 FL 11
0%
III Tier French Tank AMX 38
0%
AMX 65 t
0%
AMX Cda 105
0%
AMX CDC
0%
A.P. AMX 30
0%
Archer
0%
ARL 55
0%
AT 15
0%
AT 15A
0%
AT 2
0%
AT 7
0%
AT 8
0%
B1
0%
Bassotto
0%
Birch Gun
0%
Bishop
0%
Bisonte C45
0%
Black Prince
0%
VIII Tier Czech Tank Blesk
0%
Bret. Panther
0%
B.U.G.I.
0%
Burza
0%
BZ-166
0%
BZ-176
0%
BZ-58
0%
BZ-58-2
0%
BZ-68
0%
Caernarvon
0%
Caernarvon AX
0%
Caliban
0%
Carro P.88
0%
Cavalier
0%
CC-1 Mk. 2
0%
CDT
0%
Centurion I
0%
Challenger
0%
Charioteer
0%
Charlemagne
0%
Char Mle. 75
0%
Chieftain P.
0%
III Tier Chinese Tank | III Tier Japanese Tank Chi-Ha
0%
Chi-He
0%
Chimera
0%
Chi-Ni
0%
V Tier Japanese Tank Chi-Nu
0%
Chi-Nu Kai
0%
VII Tier Japanese Tank Chi-Ri
0%
VI Tier Japanese Tank Chi-To
0%
Chi-To SP
0%
Chopper
0%
Churchil GC
0%
Churchill I
0%
Churchill VII
0%
Cobra
0%
Comet
0%
Conceiver
0%
Contender
0%
Contradictious
0%
V Tier UK Tank Convenanter
0%
Conway
0%
Crocodile
0%
Cromwell
0%
Cromwell B
0%
I Tier UK Tank Cruiser I
0%
II Tier UK Tank Cruiser II
0%
III Tier UK Tank Cruiser III
0%
IV Tier UK Tank Cruiser IV
0%
VI Tier UK Tank Crusader
0%
Crusader SP
0%
Crusher
0%
VII Tier Polish Tank CS-44
0%
CS-52 C
0%
CS-52 LIS
0%
VIII Tier Polish Tank CS-53
0%
IX Tier Polish Tank CS-59
0%
D1
0%
D2
0%
DS PZInz
0%
DZT-159
0%
EBR 75 FL 10
0%
ELC EVEN 90
0%
EMIL 1951
0%
Emil I
0%
Emil II
0%
Excalibur
0%
Excelsior
0%
II Tier French Tank FCM 36
0%
FCM36Pak40
0%
FCM 50 t
0%
Felice
0%
I Tier Italian Tank Fiat 3000
0%
Firefly
0%
Firefly VC
0%
First Warrior
0%
FSV Sch. A
0%
FT AC
0%
FT BS
0%
FV201 (A45)
0%
FV207
0%
FV304
0%
FV3805
0%
FV4202
0%
G1R
0%
G. Destroyer
0%
Gonkiewicza
0%
Gonsalo
0%
Gowika
0%
Grant
0%
Grom
0%
IX Tier UK Tank GSOR
0%
GSOR 1008
0%
GSOR 1010
0%
GSOR TANK
0%
II Tier Japanese Tank Ha-Go
0%
Ho-Ni II
0%
Ho-Ni III
0%
Ho-Ri 1
0%
Ho-Ri 2
0%
HT No. VI
0%
IeFH18B2
0%
I-Go/Chi-Ro
0%
Ikv 103
0%
Ikv 65 II
0%
Ikv 72
0%
Ikv 90 B
0%
IS-2
0%
Ji-Ro
0%
Ju-Nu
0%
Ju-To
0%
Ka-Ri
0%
IV Tier Japanese Tank Ke-Ho
0%
Ke-Ni
0%
I Tier Czech Tank K-housenka
0%
Kilana
0%
L-60
0%
II Tier Italian Tank L6/40
0%
IV Tier Swedish Tank Lago
0%
Lago M38
0%
Lansen C
0%
Latt Strf 120
0%
VII Tier Swedish Tank Leo
0%
VIII Tier UK Tank LHMTV
0%
Light VIC
0%
Lorr. 155 50
0%
Lorr. 155 51
0%
Lorr. 39L AM
0%
Lorr. 40 t
0%
Lorraine 50 t
0%
Loyd GC
0%
II Tier Czech Tank LT vz. 35
0%
III Tier Czech Tank LT vz. 38
0%
M10 RBFM
0%
M14/41
0%
III Tier Italian Tank M15/42
0%
M2
0%
M3G FT
0%
M41D
0%
M4A1 FL 10
0%
M4A1 Rev.
0%
IV Tier Chinese Tank M5A1 Stuart
0%
Mars
0%
Matilda
0%
Matilda BP
0%
Matilda LVT
0%
Medium I
0%
Medium II
0%
Medium III
0%
Medved
0%
Miel
0%
Mitsu 108
0%
I Tier Chinese Tank NC-31
0%
Nemesis
0%
Nergal
0%
Nomad
0%
O-Ho
0%
O-I
0%
O-I Exp.
0%
O-Ni
0%
IV Tier Italian Tank P26/40
0%
V Tier Italian Tank P.43
0%
VI Tier Italian Tank P.43 bis
0%
VII Tier Italian Tank P.43 ter
0%
VIII Tier Italian Tank P.44 Pantera
0%
Projekt ION
0%
Pudel
0%
P:Victoria
0%
Pvlvv fm/42
0%
Pzw. 39
0%
I Tier Japanese Tank R. Otsu
0%
Rudy PI
0%
S35 CA
0%
Saharino
0%
Saladin
0%
SARL 42
0%
Sav m/43
0%
IX Tier Czech Tank Selma
0%
Semovente
0%
Senlac
0%
Sentinel
0%
VII Tier UK Tank Setter
0%
Sexton I
0%
Sexton II
0%
Sherman III
0%
ShPTK-TVP
0%
VII Tier Czech Tank Skoda T 17
0%
V Tier Czech Tank Skoda T 24
0%
VI Tier Czech Tank Skoda T 25
0%
Skoda T 27
0%
Skoda T 40
0%
Skoda T 45
0%
Skoda T 50
0%
Skoda T 56
0%
SMV CC-56
0%
SMV CC-67
0%
Sotek
0%
Souma S35
0%
Souma SM
0%
Squall
0%
VIII Tier Japanese Tank STA-1
0%
STA-2
0%
Stahgound
0%
IX Tier Italian Tank Standard B
0%
Stone Sentinel
0%
Strv 103-0
0%
VI Tier Swedish Tank Strv 74
0%
Strv 81
0%
I Tier Swedish Tank Strv fm/21
0%
Strv K
0%
II Tier Swedish Tank Strv m/38
0%
III Tier Swedish Tank Strv m/40L
0%
V Tier Swedish Tank Strv m/42
0%
Strv m/42-57
0%
Strv S1
0%
Stuart I-IV
0%
IV Tier Czech Tank ST vz. 39
0%
SU-76G FT
0%
T-26G FT
0%
T-34-1
0%
T-34/100
0%
T-34-2
0%
T-34-2G FT
0%
T-34-3
0%
Te-Ke
0%
TKS 20
0%
TNH 105/1000
0%
TNH T Vz. 51
0%
TOG II
0%
Tornvagn
0%
Toro
0%
Tortoise
0%
TT-130M
0%
Turtle I
0%
TVP VTU
0%
Type 4 H
0%
Type 57
0%
Type 58
0%
Type 59
0%
Type 59 G
0%
Type 62
0%
Type 63
0%
Type 64
0%
Type 68
0%
Type 91
0%
Type 95
0%
V Tier Chinese Tank Type T-34
0%
UC 2-pdr
0%
UDES 03
0%
UDES 03 3
0%
VIII Tier Swedish Tank UDES 14 5
0%
IX Tier Swedish Tank UDES 16
0%
UE 57
0%
II Tier Chinese Tank VAE Type B
0%
Valentine
0%
Valentine AT
0%
Valiant
0%
Vickers 6 t
0%
Vipera
0%
Vz. 44-1
0%
WZ-111 1-4
0%
WZ-111-1 FT
0%
WZ-111 6
0%
WZ-111G FT
0%
WZ-113-II
0%
WZ-114
0%
WZ-120
0%
WZ-120-1 FT
0%
WZ-120G FT
0%
WZ-131G FT
0%
IX Tier Chinese Tank WZ-132A
0%
Zadymka
0%
No matching quizzes found
Score Distribution
Percent of People with Each Score
Percentile by Number Answered
Your Score History
You have not taken this quiz